| 000 | 00873cam a22002771 4500 | ||
|---|---|---|---|
| 001 | 25570 | ||
| 003 | BD-RjUL | ||
| 005 | 20211209050910.0 | ||
| 008 | 140318s1962 nyu b 000 0 eng d | ||
| 035 | _a(BD-RjUL) 25640 | ||
| 035 | _a(OCoLC)280320 | ||
| 040 |
_aDLC _cOTifH _dOCoLC _dDLC _dBD-RjUL _beng |
||
| 041 | _aeng | ||
| 082 | 0 | 0 |
_a947.085 _bRUS 1962 |
| 245 | 1 | 0 |
_aRussia under Khrushchev : _ban anthology from Problems of communism / _cedited by Abraham Brumberg. |
| 260 |
_aNew York : _bPraeger , _c1962 |
||
| 300 |
_aix, 660 p. ; _c21 cm. |
||
| 490 | 0 | _aBooks that matter | |
| 504 | _aBibliographical footnotes. | ||
| 651 | 0 |
_aSoviet Union. _978619 |
|
| 700 | 1 |
_aBrumberg, Abraham, _eed. _978620 |
|
| 942 |
_2ddc _cBK |
||
| 999 |
_c25570 _d25570 |
||